| 000 | 00695nam a2200217 u 4500 | ||
|---|---|---|---|
| 005 | 20240228064206.0 | ||
| 008 | 150225s2006 r 000 0 eng d | ||
| 020 | _a980257323X | ||
| 035 | _aUPN01000202114 | ||
| 049 | _aI | ||
| 050 | 4 |
_aPZ18 _bK7.2 |
|
| 100 | 1 |
_aKromhout, Rindert, _d1958- _936702 |
|
| 245 | 1 | 0 |
_aBurrito y el regalo / _cRindert Kromhout ; il. Annemarie Van Haeringen ; tr. Corinne Dayan. |
| 260 |
_aCaracas : _bEkaré, _c2006. |
||
| 300 |
_a[27] p. : _bil. col. |
||
| 534 |
_pTítulo original: _tKleine Ezel en jarige Jakkie |
||
| 650 | 4 |
_aLITERATURA INFANTIL HOLANDESA _913664 |
|
| 650 | 4 |
_aLibros y lectura para niños _92290 |
|
| 905 | _aInfantil | ||
| 999 |
_c174215 _d174215 |
||